[Event "Tula Botvinnik Memorial"]
[Site "Tula"]
[Date "2003.??.??"]
[Round "2"]
[White "Mjasnikov, Nikolai Alexeevich"]
[Black "Chepukaitis, Genrikh"]
[Result "1-0"]
[WhiteElo "2318"]
[BlackElo "2388"]
[PlyCount "171"]
[EventDate "2003.??.??"]
[EventType "tourn"]
[EventRounds "11"]
[EventCountry "RUS"]
[EventCategory "8"]
[SourceTitle "EXT 2005"]
[Source "ChessBase"]
[SourceDate "2004.11.15"]
[SourceVersion "1"]
[SourceVersionDate "2004.11.15"]
[SourceQuality "1"]

1. e4 g6 2. d4 Bg7 3. Nc3 d6 4. Nf3 a6 5. Bf4 b5 6. a4 b4 7. Nd5 a5 8. c3 Bb7 9. Bd3 e6 10. Ne3 Nf6 11. Qc2 0-0 12. Bg5 h6 13. Bxf6 Bxf6 14. Qd2 Na6 15. Ng4 h5 16. Nxf6+ Qxf6 17. Qg5 Qxg5 18. Nxg5 c5 19. f3 Rfc8 20. Kd2 Kf8 21. Nh3 Rab8 22. Rhc1 c4 23. Be2 d5 24. e5 Bc6 25. g4 hxg4 26. fxg4 Ke7 27. Ng5 Rh8 28. Nf3 Rh3 29. Ke3 Nc7 30. Bf1 Rhh8 31. h3 Na8 32. Nd2 b3 33. Ra3 Nb6 34. Rca1 Rbf8 35. g5 Rh4 36. Kf3 Rfh8 37. Kg3 Kf8 38. Nf3 Re4 39. Nd2 Re3+ 40. Kg4 Nc8 41. Kf4 Rhxh3 42. Bxh3 Rxh3 43. Nf3 Kg7 44. Kg4 Rh8 45. Rg1 Bd7 46. Kf4 Rh5 47. Kg4 Nb6 48. Rga1 Kf8 49. Kg3 Ke7 50. Kg4 Kd8 51. Kg3 Kc7 52. Kg4 Kb7 53. Kg3 Ka6 54. Kg2 Be8 55. Kg1 Nc8 56. Kf2 Ne7 57. Rg1 Nf5 58. Raa1 Rh8 59. Rh1 Rf8 60. Nh2 Ne7 61. Ng4 Nc8 62. Ra3 Nb6 63. Rha1 Rh8 64. Nh6 Nd7 65. Kg3 f6 66. exf6 Nxf6 67. gxf6 Rxh6 68. Rf1 Bf7 69. Raa1 Rh5 70. Rf3 Kb6 71. Kg2 e5 72. Rh1 e4 73. Rf4 Rxh1 74. Kxh1 Kc7 75. Kg2 Kd6 76. Kg3 Ke6 77. Rf1 e3 78. Kf4 Kxf6 79. Kxe3+ Ke6 80. Kf4 Kd6 81. Kg5 Be8 82. Rf6+ Kc7 83. Ra6 Bxa4 84. Rxa5 Bc6 85. Kxg6 Bb7 86. Kf6 1-0

[Event "Chigorin Memorial-B 10th"]
[Site "St Petersburg"]
[Date "2002.10.29"]
[Round "5"]
[White "Sibriaev, Aleksandr"]
[Black "Chepukaitis, Genrikh"]
[Result "0-1"]
[WhiteElo "2300"]
[BlackElo "2396"]
[PlyCount "146"]
[EventDate "2002.10.25"]
[EventType "swiss"]
[EventRounds "9"]
[EventCountry "RUS"]
[SourceTitle "EXT 2003"]
[Source "ChessBase"]
[SourceDate "2002.11.25"]
[SourceVersion "1"]
[SourceVersionDate "2002.11.25"]
[SourceQuality "1"]

1. Nf3 Nf6 2. d4 e6 3. g3 b5 4. Bg2 Bb7 5. 0-0 c5 6. c3 a5 7. Nbd2 Na6 8. Re1 d5 9. b3 Be7 10. Bb2 0-0 11. Ne5 Rc8 12. Rc1 Qb6 13. e3 Rfd8 14. Qe2 Nc7 15. Nd3 c4 16. Ne5 Nce8 17. bxc4 bxc4 18. Rb1 Qc7 19. Bc1 Rb8 20. h4 Bf8 21. g4 Ba8 22. Rxb8 Rxb8 23. g5 Nd7 24. Ndf3 Bd6 25. Nxd7 Qxd7 26. Ne5 Qa4 27. h5 f6 28. gxf6 Nxf6 29. Bh3 Qe8 30. Kh2 Nxh5 31. Rg1 Nf6 32. f4 Rb7 33. Qg2 Rc7 34. Qg5 Kh8 35. Qh4 Bb7 36. Ng6+ Kg8 37. Ne5 Qe7 38. Ng4 Nxg4+ 39. Qxg4 Bc8 40. Qh5 Bd7 41. Bd2 Rb7 42. Be1 Qf7 43. Qg5 Be7 44. Qg4 Bf6 45. Bh4 e5 46. f5 Qe7 47. Bxf6 Qxf6 48. Qg3 exd4 49. exd4 Rb2+ 50. Rg2 Rxg2+ 51. Qxg2 Qd6+ 52. Kh1 Kf8 53. Qg5 Be8 54. Bg2 Bf7 55. Qe3 h6 56. Kg1 Qe7 57. Qg3 Kg8 58. Kh2 Kh7 59. Qf4 a4 60. Qf2 a3 61. Qf4 Bg8 62. Bf3 Bf7 63. Kg2 Qe1 64. f6 Qe6 65. fxg7 Kxg7 66. Qc7 Qe3 67. Qd7 h5 68. Bxh5 Qg5+ 69. Bg4 Qd2+ 70. Kh1 Qxc3 71. Qe7 Qc1+ 72. Kg2 Qf4 73. Bh5 Qe4+ 0-1

[Event "Chigorin Memorial-B 10th"]
[Site "St Petersburg"]
[Date "2002.10.25"]
[Round "1"]
[White "Nefediev, Alexander"]
[Black "Chepukaitis, Genrikh"]
[Result "1-0"]
[WhiteElo "2261"]
[BlackElo "2396"]
[PlyCount "73"]
[EventDate "2002.10.25"]
[EventType "swiss"]
[EventRounds "9"]
[EventCountry "RUS"]
[SourceTitle "EXT 2003"]
[Source "ChessBase"]
[SourceDate "2002.11.25"]
[SourceVersion "1"]
[SourceVersionDate "2002.11.25"]
[SourceQuality "1"]

1. d4 Nf6 2. Bg5 Ne4 3. Bh4 c5 4. f3 g5 5. fxe4 gxh4 6. e3 Qb6 7. Nc3 Qxb2 8. Nd5 Qa3 9. Kf2 Qa5 10. Bc4 Nc6 11. Qh5 cxd4 12. exd4 Bg7 13. Ne2 e6 14. Rhf1 0-0 15. Kg1 Qd8 16. e5 exd5 17. Bd3 f5 18. exf6 Rxf6 19. Rxf6 Qxf6 20. Qxh7+ Kf8 21. Rf1 d6 22. c3 Ne7 23. Rxf6+ Bxf6 24. Nf4 Bg5 25. Ng6+ Ke8 26. Qh5 Bf6 27. Nf4+ Kf8 28. Qh6+ Bg7 29. Qxd6 Kf7 30. Bg6+ Nxg6 31. Qxg6+ Kf8 32. Qd6+ Kf7 33. Qxd5+ Ke7 34. Qg5+ Kf7 35. Qh5+ Kf8 36. Ng6+ Kg8 37. Ne7+ 1-0

[Event "WICC qual Moscow 25'+10"]
[Site "FIDE.com"]
[Date "2002.04.18"]
[Round "6"]
[White "Chepukaitis, Genrikh"]
[Black "Milov, Vadim"]
[Result "1/2-1/2"]
[WhiteElo "2402"]
[BlackElo "2595"]
[PlyCount "99"]
[EventDate "2002.04.12"]
[EventType "swiss"]
[EventRounds "9"]
[EventCountry "NET"]
[SourceTitle "EXT 2003"]
[Source "ChessBase"]
[SourceDate "2002.11.25"]
[SourceVersion "1"]
[SourceVersionDate "2002.11.25"]
[SourceQuality "1"]

1. d4 d5 2. Bg5 f6 3. Bh4 Nh6 4. f3 c5 5. dxc5 e5 6. Bf2 d4 7. e3 Bxc5 8. exd4 exd4 9. Bc4 Nf5 10. Ne2 Nc6 11. c3 Ne3 12. Bxe3 dxe3 13. Qb3 Qb6 14. Na3 Qxb3 15. axb3 Bf5 16. Nb5 0-0-0 17. Nbd4 Nxd4 18. Nxd4 Bxd4 19. cxd4 Rxd4 20. Ke2 Re8 21. Rhd1 Rxd1 22. Rxd1 Kc7 23. Rc1 Kb6 24. Rc3 Be6 25. Bd3 Bd7 26. g3 h6 27. b4 g5 28. Bc4 Be6 29. b3 Rc8 30. Kxe3 a5 31. bxa5+ Kxa5 32. Rc1 Kb4 33. Kd2 Rd8+ 34. Ke3 Rd6 35. Ke4 b5 36. Bxe6 Rxe6+ 37. Kf5 Re2 38. h4 Rf2 39. f4 Kxb3 40. Rc6 gxh4 41. gxh4 Rh2 42. Kg4 f5+ 43. Kh5 Rf2 44. Rc5 b4 45. Rxf5 Kc4 46. Kxh6 b3 47. Rf8 b2 48. Rb8 Kc3 49. h5 Rxf4 50. Rxb2 1/2-1/2

[Event "FIDE GP IQT fin"]
[Site "Dubai"]
[Date "2002.04.02"]
[Round "5"]
[White "Chepukaitis, Genrikh"]
[Black "Karjakin, Sergey"]
[Result "0-1"]
[WhiteElo "2402"]
[BlackElo "2460"]
[PlyCount "64"]
[EventDate "2002.04.02"]
[EventType "tourn"]
[EventRounds "6"]
[EventCountry "UAE"]
[EventCategory "6"]
[SourceTitle "CBM 087 Extra"]
[Source "ChessBase"]
[SourceDate "2002.05.03"]
[SourceVersion "2"]
[SourceVersionDate "2002.08.09"]
[SourceQuality "1"]

1. d4 d5 2. Bg5 h6 3. Bh4 c6 4. c4 dxc4 5. a4 Qb6 6. Qd2 e5 7. dxe5 Bb4 8. Nc3 Be6 9. f4 g5 10. Bf2 Qa5 11. Nf3 gxf4 12. Nd4 Nd7 13. g3 fxg3 14. Bxg3 Nc5 15. Bg2 0-0-0 16. 0-0 Nb3 17. Nxb3 cxb3 18. Qc1 Bxc3 19. Qxc3 Qxc3 20. bxc3 Ne7 21. a5 Rd2 22. a6 b6 23. Kf2 Rhd8 24. Be4 Nd5 25. c4 Nc3 26. Bxc6 b2 27. Rae1 Nd1+ 28. Rxd1 Rxd1 29. Be4 Rxf1+ 30. Kxf1 b1Q+ 31. Bxb1 Rd1+ 32. Kf2 Rxb1 0-1

[Event "FIDE GP IQT fin"]
[Site "Dubai"]
[Date "2002.04.02"]
[Round "2"]
[White "Karjakin, Sergey"]
[Black "Chepukaitis, Genrikh"]
[Result "1-0"]
[WhiteElo "2460"]
[BlackElo "2402"]
[PlyCount "125"]
[EventDate "2002.04.02"]
[EventType "tourn"]
[EventRounds "6"]
[EventCountry "UAE"]
[EventCategory "6"]
[SourceTitle "CBM 087 Extra"]
[Source "ChessBase"]
[SourceDate "2002.05.03"]
[SourceVersion "2"]
[SourceVersionDate "2002.08.09"]
[SourceQuality "1"]

1. e4 e6 2. d4 d5 3. Nc3 Nc6 4. Nf3 Bb4 5. e5 f6 6. a3 Bxc3+ 7. bxc3 fxe5 8. dxe5 Nge7 9. Bd3 h6 10. 0-0 0-0 11. Qe2 Nf5 12. Rd1 Bd7 13. c4 Qe8 14. Bb2 dxc4 15. Bxc4 Na5 16. Bd3 b6 17. Nd4 Nxd4 18. Bxd4 Bc6 19. Qg4 Bd5 20. Be3 Kh8 21. c4 Bc6 22. Bg6 Qe7 23. Bc2 Qe8 24. Rd4 Ba4 25. Bg6 Qe7 26. Qh5 Be8 27. Rad1 Bxg6 28. Qxg6 Qf7 29. Qe4 Qf5 30. Qxf5 Rxf5 31. f4 Kg8 32. g3 Re8 33. c5 Nc6 34. Rd7 Rf7 35. cxb6 cxb6 36. R7d6 Na5 37. Rc1 Nb7 38. Rd3 Rd8 39. Rxd8+ Nxd8 40. Kg2 Rd7 41. Kf3 Kf7 42. Ke4 h5 43. h3 Nb7 44. g4 hxg4 45. hxg4 Na5 46. f5 b5 47. Rc5 Rb7 48. Rc8 Ke7 49. Bc5+ Kd7 50. Rg8 Kc6 51. Bb4 Kb6 52. fxe6 Nc6 53. Bd6 a5 54. Kd5 b4 55. axb4 Nxb4+ 56. Bxb4 axb4 57. Kd6 b3 58. e7 b2 59. e8Q b1Q 60. Qc6+ Ka7 61. Qa4+ Kb6 62. Qd4+ Kb5 63. Qc5+ 1-0